| 000 | 00000nam 2200000za 4500 |
| 001 | 9.846807 |
| 003 | CaOODSP |
| 005 | 20221107153307 |
| 007 | cr ||||||||||| |
| 008 | 171108s1988 onc |o f|0| 0 eng d |
| 040 | |aCaOODSP|beng |
| 043 | |an-cn--- |
| 086 | 1 |aCS11-0019/11E-PDF |
| 100 | 1 |aHamilton, Kirk,|d1951- |
| 245 | 10|aEnergy analysis of Canadian external trade : |b1971 and 1976 |h[electronic resource] / |cby K.E. Hamilton. |
| 260 | |a[Ottawa] : |bStatistics Canada, |c1988. |
| 300 | |a18, 2 p. |
| 490 | 0 |aResearch paper series ; |vno. 11 |
| 500 | |aIssued also in French under title: Analyse énergétique du commerce extérieur canadien : 1971 et 1976. |
| 500 | |aDigitized edition from print [produced by Statistics Canada]. |
| 504 | |aIncludes bibliographic references. |
| 520 | |a"Methodology and results are presented to show that Canadian exports (dominated by raw and semi-finished goods) were significantly more energy intensive than imports (dominated by manufactured goods) in both 1971 and 1976 - the net surplus of export energy requirements over import energy requirements totaled 9% of domestic use of energy in 1971. Exports of goods and services were 26% more energy intensive per dollar than imports in 1976."--Abstract. |
| 692 | 07|2gccst|aInternational trade |
| 692 | 07|2gccst|aEnergy use |
| 710 | 2 |aStatistics Canada. |bAnalytical Studies Branch. |
| 775 | 08|tAnalyse énergétique du commerce extérieur canadien : |w(CaOODSP)9.846810 |
| 830 | #0|aResearch paper series (Statistics Canada. Analytical Studies Branch)|vno. 11|w(CaOODSP)9.504421 |
| 856 | 40|qPDF|s3.20 MB|uhttps://publications.gc.ca/collections/collection_2017/statcan/11f0019m/CS11-0019-11-eng.pdf |